[Event "It (cat.2) (b)"]
[Site "masterchessopen.com - Budapest (Hungary)"]
[Date "2005.08.08"]
[Round "3"]
[White "Blodstein B (ISR)"]
[Black "Braghetta Sergio (ITA)"]
[Result "0-1"]
[WhiteElo "2256"]
[BlackElo "2277"]

1.d4 Nf6 2.c4 c5 3.d5 e6 4.Nc3 exd5 5.cxd5 d6 6.e4 g6 7.Nf3 Bg7 8.Be2 O-O
9.O-O Re8 10.Nd2 a6 11.a4 Nbd7 12.Qc2 Ne5 13.Ra3 Qe7 14.a5 Rb8 15.h3 g5 16.f4
gxf4 17.Rxf4 Nfd7 18.Nf1 Ng6 19.Rf3 Nf6 20.Ng3 b5 21.axb6 Rxb6 22.Ra4 Kh8
23.Bf1 Rg8 24.Nf5 Bxf5 25.Rxf5 Nh4 26.e5 Nxf5 27.exf6 Qxf6 28.Ne4 Qg6 29.Ng5
Bd4+ 30.Rxd4 Nxd4 31.Qf2 f5 32.Be3 Qf6 33.Qh4 Rg7 34.Qh5 Qg6 35.Qh4 Rb4 36.Qf2
Qf6 37.Ne4 Qe5 38.Nc3 Rxb2 39.Qxb2 Qxe3+ 40.Kh1 Nf3 41.Ne2 Qf2 42.Qb8+ Rg8
43.Qb2+ Ne5 44.Qc1 a5 45.Nf4 a4 46.Nh5 a3 47.Qa1 Qb2 48.Qe1 a2 {#R} 0-1

[Event "It (open)"]
[Site "masterchessopen.com - Graz (Austria)"]
[Date "2005.09.06"]
[Round "4"]
[White "Burmakin Vladimir (RUS)"]
[Black "Kotlyar Dimitri (GER)"]
[Result "1-0"]
[WhiteElo "2508"]
[BlackElo "2269"]

1.d4 Nf6 2.Nf3 g6 3.c4 c5 4.d5 e6 5.Nc3 exd5 6.cxd5 Bg7 7.e4 d6 8.Nd2 O-O
9.Be2 Re8 10.O-O Nbd7 11.h3 g5 12.Nc4 Nxe4 13.Nxe4 Rxe4 14.Nxd6 Rd4 15.Qb3 Nb6
16.Qg3 h6 17.Nb5 Rxd5 18.f4 c4 19.Nc3 Rf5 20.Be3 Qc7 21.Rad1 Be6 22.Bg4 Ra5
23.Bxe6 fxe6 24.Qg4 Qe7 25.fxg5 h5 26.Qxh5 Nd5 27.g6 Bf6 28.Ne4 b6 29.Rxd5
{#r} 1-0

[Event "It (b)"]
[Site "masterchessopen.com - Budapest (Hungary)"]
[Date "2005.11.15"]
[Round "10"]
[White "Petran Pal (HUN)"]
[Black "Brustkern Juergen (GER)"]
[Result "1-0"]
[WhiteElo "2417"]
[BlackElo "2236"]

1.d4 Nf6 2.c4 e6 3.Nc3 c5 4.d5 exd5 5.cxd5 d6 6.Nf3 g6 7.Nd2 Bg7 8.e4 O-O
9.Be2 Re8 10.O-O a6 11.a4 Nbd7 12.Qc2 Ne5 13.Re1 g5 14.Nf1 h6 15.Ng3 Ng6
16.Bd2 b6 17.Nd1 Ra7 18.Ne3 Rae7 19.f3 Nf4 20.Bc3 Rf8 21.Ngf1 N6h5 22.g3 Ng6
23.Nf5 Bxf5 24.exf5 Bxc3 25.bxc3 Nh8 26.Bxa6 Re5 27.Rxe5 dxe5 28.Rd1 {#r} 1-0

[Event "Oberliga Southwest 2005/06"]
[Site "masterchessopen.com - Germany"]
[Date "2005.11.27"]
[Round "3"]
[White "Hoegerl Gerd (GER)"]
[Black "Bruch Jochen (GER)"]
[Result "0-1"]
[WhiteElo "2219"]
[BlackElo "2232"]

1.d4 Nf6 2.c4 c5 3.d5 e6 4.Nc3 exd5 5.cxd5 d6 6.e4 g6 7.Nf3 Bg7 8.Be2 O-O
9.O-O Re8 10.Nd2 a6 11.a4 Nbd7 12.Qc2 Rb8 13.h3 Qc7 14.a5 b5 15.axb6 Nxb6
16.Nb3 Ra8 17.Na5 Bd7 18.Rd1 Re7 19.Bf4 Ne8 20.Bf3 Be5 21.Bxe5 Rxe5 22.Be2 Re7
23.Nc6 Bxc6 24.dxc6 Qxc6 25.Rxa6 Rxa6 26.Bxa6 Nc7 27.Be2 Re6 28.Qd2 Qe8 29.f4
Kg7 30.Re1 Rf6 31.Bg4 h5 32.e5 dxe5 33.Rxe5 Nc4 34.Rxe8 Nxd2 35.Rc8 hxg4
36.Rxc7 g3 37.Rd7 Re6 {#R} 0-1

[Event "Oberliga Southwest 2005/06"]
[Site "masterchessopen.com - Germany"]
[Date "2006.01.15"]
[Round "5"]
[White "Bureik Matthias (GER)"]
[Black "Lares Harald (GER)"]
[Result "0-1"]
[WhiteElo "2184"]
[BlackElo "2135"]

1.d4 Nf6 2.c4 e6 3.Nf3 c5 4.d5 exd5 5.cxd5 d6 6.Nc3 g6 7.e4 Bg7 8.Be2 O-O
9.Nd2 Re8 10.O-O Bd7 11.Qc2 Qe7 12.f3 Na6 13.Bxa6 bxa6 14.Qd3 Nh5 15.Ne2 Rab8
16.Nc4 Bb5 17.Rb1 f5 18.Nc3 Bd4+ 19.Rf2 Qh4 20.Nd1 fxe4 21.fxe4 Rxe4 22.g3
Bxc4 23.Qf3 Qe7 24.Kg2 Bxf2 25.Nxf2 Re2 26.b3 Qe5 27.Bf4 Nxf4+ 28.gxf4 Qd4
29.Kg3 Re3 {#R} 0-1

[Event "It (cat.3)"]
[Site "masterchessopen.com - Marianske Lazne (Czech Republic)"]
[Date "2006.01.22"]
[Round "2"]
[White "Nilssen John Arni (FAI)"]
[Black "Biolek Richard (CZE)"]
[Result "1-0"]
[WhiteElo "2373"]
[BlackElo "2419"]

1.d4 Nf6 2.c4 c5 3.d5 e6 4.Nc3 exd5 5.cxd5 d6 6.Nf3 g6 7.Nd2 Bg7 8.e4 O-O
9.Be2 Re8 10.O-O b6 11.a4 Ba6 12.Bb5 Bxb5 13.axb5 Nbd7 14.Qc2 Qe7 15.h3 Nh5
16.Ra4 Rf8 17.Nc4 Ne5 18.Nxe5 Bxe5 19.Bh6 Bg7 20.Bxg7 Kxg7 21.Qd2 g5 22.Nd1 h6
23.Ne3 Qd7 24.Rfa1 Rfb8 25.Qc2 Nf4 26.Nf5+ Kh7 27.g3 Ng6 28.Qe2 Ne7 29.Ne3
Qxh3 30.Rxa7 Rxa7 31.Rxa7 Re8 32.Qf3 Kg6 33.Ng4 f5 34.Rxe7 Rxe7 35.Qxf5+ Kg7
36.Qf6+ Kg8 37.Nxh6+ Kh7 38.Qxe7+ Kxh6 39.Qxd6+ Kh5 40.Qe6 {#r} 1-0

[Event "It (cat.15)"]
[Site "masterchessopen.com - Wijk aan Zee (Netherlands)"]
[Date "2006.01.28"]
[Round "12"]
[White "Beliavsky Alexander G (SLO)"]
[Black "Jobava Baadur (GEO)"]
[Result "1-0"]
[WhiteElo "2639"]
[BlackElo "2650"]

1.d4 Nf6 2.c4 e6 3.Nf3 c5 4.d5 exd5 5.cxd5 d6 6.Nc3 g6 7.e4 Bg7 8.Be2 O-O
9.O-O Re8 10.Nd2 Nbd7 11.a4 Ne5 12.Ra3 a6 13.Qc2 Qe7 14.a5 Bg4 15.Bxg4 Nfxg4
16.Na4 Nd7 17.Qd1 f5 18.exf5 gxf5 19.h3 Nge5 20.f4 Nf7 21.Nf3 Qf6 22.Rb3 Rab8
23.Nb6 Nf8 24.Re1 Re4 25.Rbe3 Rxf4 26.Re6 Rd4 27.Qc2 Nxe6 28.dxe6 Ne5 29.Nxd4
cxd4 30.Nd7 Qh4 31.Rf1 d3 32.Qc7 Nxd7 33.Qxd7 Qe4 34.Bg5 Kh8 35.Bd8 Bd4+
36.Kh1 Qe2 37.Qe8+ Kg7 38.Qe7+ {#r} 1-0

[Event "Ch Hungary (team) 2005/06"]
[Site "masterchessopen.com - Hungary"]
[Date "2006.04.09"]
[Round "10"]
[White "Horvath Peter_ (HUN)"]
[Black "Szalanczy Emil (HUN)"]
[Result "1-0"]
[WhiteElo "2451"]
[BlackElo "2351"]

1.d4 c5 2.d5 e6 3.c4 exd5 4.cxd5 d6 5.Nc3 g6 6.Nf3 Bg7 7.Nd2 Nf6 8.e4 O-O
9.Be2 Re8 10.O-O Nbd7 11.a4 Ne5 12.Ra3 g5 13.Re1 Nfd7 14.Qc2 Nf8 15.Nf1 Nfg6
16.Ng3 Nf4 17.Bd2 Neg6 18.Bb5 Re5 19.Nd1 a6 20.Bf1 Bd7 21.Ne3 Re8 22.Ngf5 Be5
23.g3 Nh5 24.Nc4 Ng7 25.Nfxd6 Bxa4 26.Rxa4 Bxd6 27.Nxd6 Qxd6 28.Bxg5 Nf5
29.exf5 Rxe1 30.fxg6 hxg6 31.Qd2 Rae8 32.Be3 Rb1 33.Qc2 Re1 34.Rh4 b5 35.Qc3
Rxf1+ 36.Kxf1 Qe5 37.Qxe5 Rxe5 38.Bxc5 Rxd5 39.b4 a5 40.Rd4 Rxd4 41.Bxd4 axb4
42.Ke2 f5 43.h4 Kf7 44.Bc5 b3 45.Kd3 Ke6 46.Kc3 {#r} 1-0

[Event "Ch Russia (club) (w)"]
[Site "masterchessopen.com - Sochi (Russia)"]
[Date "2006.04.28"]
[Round "9"]
[White "Gromova Iulia (RUS)"]
[Black "Zemlianukhina Viktoria (RUS)"]
[Result "1-0"]
[WhiteElo "2235"]
[BlackElo "2037"]

1.d4 Nf6 2.c4 e6 3.Nf3 c5 4.d5 exd5 5.cxd5 d6 6.Nc3 g6 7.Nd2 Bg7 8.e4 O-O
9.Be2 Re8 10.O-O Nbd7 11.Qc2 Nf8 12.a4 b6 13.Rb1 g5 14.Nc4 h6 15.f4 Ng4
16.Bxg4 Bxg4 17.Nb5 Nh7 18.Nbxd6 Re7 19.e5 a6 20.Ne3 Bd7 21.Nef5 Bxf5 22.Nxf5
Rd7 23.Nxg7 Kxg7 24.d6 f6 25.fxg5 fxg5 26.e6 Rb7 27.d7 Nf6 28.Bd2 Qe7 29.Rxf6
{#r} 1-0

[Event "Ch Ukraine (1/2 final)"]
[Site "masterchessopen.com - Alushta (Ukraine)"]
[Date "2006.05.13"]
[Round "1"]
[White "Kuchin Pavel (UKR)"]
[Black "Strelnikov Sergey (UKR)"]
[Result "0-1"]
[WhiteElo "2005"]
[BlackElo "2323"]

1.d4 Nf6 2.Nf3 e6 3.c4 c5 4.d5 exd5 5.cxd5 g6 6.Nc3 Bg7 7.e4 O-O 8.Be2 Re8
9.Nd2 d6 10.O-O Nbd7 11.Re1 Ne5 12.Bf1 Nh5 13.Nc4 Rb8 14.a4 a6 15.Na3 f5
16.Be2 Nf6 17.f4 Neg4 18.h3 Nxe4 19.Bxg4 Nxc3 20.Rxe8+ Qxe8 21.bxc3 fxg4
22.hxg4 Bxc3 23.Ra2 Qe4 24.Kh2 Bd7 25.a5 Re8 26.Nc2 Ba4 27.Rxa4 Qxa4 28.Qd3
Bxa5 29.g3 Qe4 {#R} 0-1

[Event "Ch Ukraine (1/2 final)"]
[Site "masterchessopen.com - Alushta (Ukraine)"]
[Date "2006.05.21"]
[Round "9"]
[White "Ajrapetjan Yuriy (UKR)"]
[Black "Strelnikov Sergey (UKR)"]
[Result "1-0"]
[WhiteElo "2403"]
[BlackElo "2323"]

1.d4 Nf6 2.c4 c5 3.d5 e6 4.Nc3 exd5 5.cxd5 g6 6.Nf3 Bg7 7.e4 O-O 8.Be2 Re8
9.Nd2 d6 10.O-O Nbd7 11.f3 Ne5 12.a4 a6 13.Qc2 g5 14.Nc4 Nxc4 15.Bxc4 Nd7
16.f4 gxf4 17.Bxf4 Ne5 18.Be2 Ng6 19.Bh5 Qc7 20.Rae1 Bd7 21.Kh1 b5 22.axb5
axb5 23.e5 dxe5 24.d6 Qxd6 25.Ne4 Qc6 26.Bg5 f5 27.Nxc5 Be6 28.Rf2 Rec8 29.Rc1
Qb6 30.Be3 Bf8 31.b4 Ra2 32.Qc3 Rxf2 33.Bxf2 Nf4 34.Qg3+ Kh8 35.Re1 Bg7
36.Nxe6 Nxh5 37.Bxb6 Nxg3+ 38.hxg3 Bf6 39.Bc7 e4 40.g4 fxg4 41.Rxe4 Re8 42.Nc5
Rxe4 43.Nxe4 Bd4 44.Nd6 Bc3 45.Ba5 h5 46.Nxb5 Be1 47.Na3 h4 48.Nc2 Bf2 49.Bc7
Kg7 50.b5 Kf6 51.b6 h3 52.g3 {#r} 1-0

[Event "Ch Ukraine (1/2 final)"]
[Site "masterchessopen.com - Alushta (Ukraine)"]
[Date "2006.05.21"]
[Round "9"]
[White "Zubov Alexander (UKR)"]
[Black "Kononenko Dmitry (UKR)"]
[Result "0-1"]
[WhiteElo "2537"]
[BlackElo "2246"]

1.d4 Nf6 2.c4 c5 3.d5 e6 4.Nc3 exd5 5.cxd5 d6 6.Nf3 g6 7.e4 Bg7 8.Be2 O-O
9.Nd2 Re8 10.O-O Nbd7 11.a4 Ne5 12.Qc2 Nh5 13.Bxh5 gxh5 14.Nd1 b6 15.Ra3 Ba6
16.Rh3 Bxf1 17.Nxf1 Ng6 18.Nde3 h4 19.Nf5 Be5 20.g3 Kh8 21.N1e3 a6 22.Bd2 b5
23.a5 Rc8 24.Kh1 Rg8 25.f4 Bd4 26.Ng4 Ne7 27.Ngh6 Rf8 28.Nxd4 cxd4 29.Qd3 f6
30.Qxd4 Ng8 31.Nf5 Rc4 32.Qd3 Re8 33.Nd4 Rxd4 34.Qxd4 Qe7 35.e5 dxe5 36.fxe5
fxe5 37.Qxh4 Qf7 38.Kg1 Rf8 39.Bf4 exf4 40.gxf4 Nf6 41.d6 Ne4 42.Rd3 Rg8+
43.Kf1 Qc4 44.Ke2 Re8 45.d7 Ng3+ {#R} 0-1

[Event "It (open)"]
[Site "masterchessopen.com - Sanxenxo (Spain)"]
[Date "2006.07.03"]
[Round "9"]
[White "Rodriguez Lopez Rafael (ESP)"]
[Black "Torres Samper Rafael (ESP)"]
[Result "1-0"]
[WhiteElo "2289"]
[BlackElo "2102"]

1.d4 Nf6 2.c4 e6 3.Nc3 c5 4.d5 exd5 5.cxd5 d6 6.Nf3 g6 7.Nd2 Bg7 8.e4 O-O
9.Be2 Re8 10.O-O g5 11.a4 h6 12.Ra3 Nbd7 13.Qc2 Ne5 14.Nd1 Bg4 15.Bxg4 Nexg4
16.f3 Ne5 17.Ne3 c4 18.Ndxc4 Rc8 19.Rc3 Nxc4 20.Rxc4 Rxc4 21.Qxc4 Qb6 22.Kh1
Kh7 23.Nf5 Bh8 24.Be3 Qd8 25.Bxa7 g4 26.Qc1 Ng8 27.Be3 h5 28.Bf4 Be5 29.fxg4
hxg4 30.Bxe5 Rxe5 31.Qf4 Qf6 32.Qxg4 Nh6 33.Qh3 Rxe4 34.Qd3 Rxa4 35.Nh4+ Kg7
36.Rxf6 Kxf6 37.Qc3+ Ke7 38.Qc7+ Ke8 39.g3 {#r} 1-0

[Event "Ch Norway"]
[Site "masterchessopen.com - Moss (Norway)"]
[Date "2006.07.12"]
[Round "6"]
[White "Johannessen Leif Erlend (NOR)"]
[Black "Lie Kjetil A (NOR)"]
[Result "1-0"]
[WhiteElo "2551"]
[BlackElo "2516"]

{ Lie Kjetil A (NOR) +0 =1 -0 } 1.d4 Nf6 2.c4 c5 3.d5 e6 4.Nc3 exd5 5.cxd5 d6
6.Nf3 g6 7.Nd2 Bg7 8.e4 O-O 9.Be2 Re8 10.O-O Nbd7 11.a4 a6 12.Qc2 Ne5 13.Ra3 {
?/= } 13...Rb8 ( 13...g5 14.Nd1 Ng6 15.Ne3 Nf4 16.Bd1 b6 17.f3 Rb8 18.g3 Ng6
19.Ndc4 h6 20.Bd2 Ne5 21.Nxe5 Rxe5 22.b4 Bh3 23.Rf2 cxb4 24.Bxb4 Rc8 25.Rc3
Re8 26.g4 Rxc3 27.Bxc3 h5 28.Nf5 Bf8 29.Qd2 Nd7 30.Ng3 h4 31.Nh5 Bh6 32.Be2
Qc8 33.Bd4 { ...0-1, Spraggett Kevin 2581 - Barlov Dragan 2555 , New York 1987
It (open) } ) 14.a5 g5 ( 14...b5 15.axb6 Rxb6 16.Re1 Nfg4 17.h3 Nxf2 18.Kxf2
Qh4+ 19.Kf1 Bxh3 20.gxh3 Qxh3+ 21.Kf2 Qh2+ 22.Kf1 Bf6 { 0-1, Guliev Sarhan
2484 - Minasian Ara 2487 , Azov 1991 Spartakiada URS } ) 15.Nd1 Ng6 ( 15...b5
16.axb6 Rxb6 17.Ne3 Ng6 18.Ndc4 Rb4 19.f3 Nf4 20.Bd1 Rf8 21.Na5 Qc7 22.Nc6 Rb6
23.Bd2 Rxc6 24.dxc6 Qxc6 25.b4 Ne8 26.g3 Ne6 27.Nf5 Bf6 28.bxc5 Nxc5 29.Ne3
Nc7 30.Bc3 Bxc3 31.Rxc3 Nb5 32.Nd5 Kg7 33.Qd2 f6 34.Ba4 Be6 35.Bxb5 { ...1-0,
Miles Anthony J 2570 - Winants Luc 2350 , Brussels 1986 It } ) ( 15...Qe7
16.f3 { -0.07 CAP } ) 16.Ne3 ( 16.Nc4 { +0.72 CAP } ) 16...Nf4 ( 16...Qe7
17.f3 Rf8 18.Ndc4 Ne8 19.Kh1 Bd4 20.Rb3 Ng7 21.Rb6 Rd8 22.Bd1 h6 23.Bd2 Qf8
24.Qb3 Ra8 25.Bc3 Bxc3 26.Qxc3 Qe7 27.b4 cxb4 28.Qxb4 Ne5 29.Rxd6 Nxc4
30.Rxd8+ Qxd8 31.Nxc4 Bd7 32.Nb6 Bb5 33.Re1 Rb8 34.Bb3 g4 35.fxg4 Qh4 36.Bc4 {
...1-0, Miles Anthony J 2560 - Kovacevic Slobodan 2350 , Mendric 1985 It
(open) } ) 17.Bd1 h5 ( 17...b5 18.axb6 Rxb6 19.f3 N6h5 20.Ndc4 Rb5 21.Kh1 Bd4
22.g3 Nh3 23.Qg2 Ng7 24.Ng4 h5 25.Nh6+ Kf8 26.f4 g4 27.f5 Qf6 28.Bxg4 Nf2+
29.Rxf2 Bxf2 30.Be2 Bd4 31.Bf4 Rd8 32.g4 Qh4 33.Ra1 Ne8 34.gxh5 Bg7 35.Bg5
Qxg5 36.Qxg5 Rd7 37.Ng4 { ...1-0, Lukacs Peter 2490 - Krnic Zdenko 2430 , Wijk
aan Zee 1988 It (cat.9) } ) ( 17...Qc7 { +0.11 CAP } ) 18.f3 { +0.56 CAP N } (
18.Nec4 h4 19.Rb3 Qe7 20.Rb6 Nxe4 21.Nxe4 Qxe4 22.Qxe4 Rxe4 23.Nxd6 Re5
24.Bxf4 gxf4 25.Bf3 Bf5 26.Rxb7 Rxb7 27.Nxb7 c4 28.h3 Bf8 29.Rd1 Bd7 30.Rd4 {
1-0, Portisch Lajos 2625 - Suba Mihai 2505 , Tunisia 1985 Izt } ) 18...h4
19.Ndc4 N6h5 20.Rb3 b5 { ?! } ( 20...Qc7 { !? } 21.Rb6 Rd8 22.Bd2 Bd4 23.Rf2
Qe7 24.Qb3 Nf6 25.Bc2 Ra8 26.Qa3 { } ) 21.axb6 Bd4 22.Bd2 Qf6 23.Bc3 Bd7
24.Qd2 Bb5 25.Rf2 Rec8 26.Bc2 Ng3 27.Bd1 { ?! } ( 27.Bd3 { !? } 27...Qg6
28.Ba5 Nxd3 29.Rxd3 Bxc4 30.Nxc4 Bxf2+ 31.Qxf2 Nh5 32.Bd2 h3 33.Ra3 Rf8 { } )
27...Ngh5 { ?! } ( 27...Bxc4 { !? } 28.Nxc4 Nfe2+ 29.Bxe2 Bxf2+ 30.Kxf2 Nxe4+
31.Kg1 Nxd2 32.Bxf6 Nxb3 33.Bxg5 Re8 34.Kf2 Nd4 { } ) 28.Ra3 Ng7 29.Bb3 Ne8
30.Nf5 Bxc3 31.Qxc3 Qxc3 32.bxc3 Rd8 33.Ne7+ Kf8 34.Nc6 Nd3 35.Rd2 Nc1 36.Nxd8
Rxd8 37.Na5 Ne2+ 38.Kf2 Nxc3 39.Bc2 { } {#r} 1-0

[Event "It (open) (b)"]
[Site "masterchessopen.com - Ostroda (Poland)"]
[Date "2006.08.13"]
[Round "9"]
[White "Kwapisiewicz Wojciech (POL)"]
[Black "Malec Robert (POL)"]
[Result "0-1"]
[WhiteElo "1884"]
[BlackElo "1913"]

1.d4 Nf6 2.c4 c5 3.d5 e6 4.Nc3 exd5 5.cxd5 d6 6.e4 g6 7.Be2 Bg7 8.Nf3 O-O
9.O-O Re8 10.Nd2 Nbd7 11.Qc2 Ne5 12.h3 g5 13.f4 gxf4 14.Rxf4 a6 15.a4 Ng6
16.Rf1 Nd7 17.Nf3 Nde5 18.Nxe5 Bxe5 19.Bf3 Qh4 20.Be3 Qg3 21.Ne2 Qh2+ 22.Kf2
Bf6 23.Ke1 Qe5 24.Rb1 b5 25.Bd2 b4 26.b3 a5 27.Kd1 Ba6 28.Re1 c4 29.Nc1 Rec8
30.Be2 Qd4 31.Bxc4 Bxc4 32.bxc4 Rxc4 33.Qa2 Rac8 34.Nb3 Qb6 35.Be3 Qd8 36.Qf2
Qe7 37.Nxa5 Qxe4 38.Nxc4 Qxb1+ 39.Ke2 Qc2+ 40.Nd2 Bc3 41.Kf1 Bxd2 42.Qxd2 Qxa4
43.Bh6 Qb5+ 44.Kg1 b3 45.Qe2 Qxe2 46.Rxe2 f6 47.Rb2 Rb8 48.Kf2 Ne5 49.Ke2 Nc4
50.Rb1 b2 51.Bf4 Na3 {#R} 0-1

[Event "Ch Great Britain"]
[Site "masterchessopen.com - Swansea (Wales)"]
[Date "2006.08.13"]
[Round "7"]
[White "Moyse Nigel John (WLS)"]
[Black "Snape Ian (ENG)"]
[Result "0-1"]
[WhiteElo "2067"]
[BlackElo "2217"]

1.d4 Nf6 2.c4 c5 3.d5 e6 4.Nc3 exd5 5.cxd5 d6 6.e4 g6 7.Be2 Bg7 8.Nf3 O-O
9.O-O Re8 10.Nd2 Nbd7 11.h3 a6 12.a4 Rb8 13.Qc2 Qc7 14.Nc4 b5 15.axb5 axb5
16.Na5 Ba6 17.Nc6 b4 18.Nxb8 Bxe2 19.Nxe2 Qxb8 20.Ng3 h5 21.Bg5 Nh7 22.h4 Nxg5
23.hxg5 b3 24.Qe2 Ne5 25.Ra4 c4 26.f4 Nd3 27.f5 Bd4+ 28.Kh1 Qb5 29.fxg6 fxg6
30.Raa1 Bxb2 31.Rab1 Bd4 32.Nxh5 gxh5 33.Qxh5 Qd7 34.Qg6+ Bg7 35.Rf3 Ne5
36.Qf5 Qxf5 37.Rxf5 Rb8 38.Rf2 c3 39.Kh2 Ng4+ {#R} 0-1

[Event "It (open)"]
[Site "masterchessopen.com - Latschach (Austria)"]
[Date "2006.08.17"]
[Round "7"]
[White "Hafner Robert (AUT)"]
[Black "Saxer Bernhard (AUT)"]
[Result "0-1"]
[WhiteElo "2114"]
[BlackElo "2051"]

1.d4 Nf6 2.c4 c5 3.d5 e6 4.Nc3 exd5 5.cxd5 d6 6.e4 g6 7.Nf3 Bg7 8.Be2 O-O
9.O-O Re8 10.Nd2 a6 11.a4 Nbd7 12.Qc2 Rb8 13.a5 b5 14.axb6 Nxb6 15.Nc4 Nxc4
16.Bxc4 Ng4 17.Bf4 Rxb2 18.Qxb2 Rxe4 19.Nxe4 Bxb2 20.Ra2 Be5 21.Bxe5 Nxe5
22.Bxa6 Bf5 23.Ng3 Bd3 24.Rfa1 Qf6 25.Bxd3 Nxd3 26.Rd1 Qd4 27.Rad2 c4 28.Nf1
Qf4 29.Ne3 Nxf2 30.Rxf2 Qxe3 31.Kf1 Qb3 32.Rc1 Qd3+ 33.Re2 Qxd5 34.Rec2 Qf5+
35.Kg1 d5 36.Rd2 Qe5 37.Rcd1 c3 38.Rxd5 c2 39.Rd8+ Kg7 {#R} 0-1

[Event "It (open)"]
[Site "masterchessopen.com - Porto San Giorgio (Italy)"]
[Date "2006.08.21"]
[Round "1"]
[White "Horvath Peter_ (HUN)"]
[Black "Zimmer Hans-Wertner (ITA)"]
[Result "1-0"]
[WhiteElo "2451"]
[BlackElo "2010"]

1.d4 Nf6 2.c4 c5 3.d5 e6 4.Nc3 exd5 5.cxd5 d6 6.Nf3 g6 7.Nd2 Bg7 8.e4 O-O
9.Be2 Re8 10.O-O Nbd7 11.a4 a6 12.Ra3 Rb8 13.Qc2 Qc7 14.a5 b5 15.axb6 Rxb6
16.Nc4 Rb4 17.Bf4 Bf8 18.Rfa1 Nb6 19.b3 Nxc4 20.Bxc4 Bg7 21.Bd2 Qe7 22.Re1 Ng4
23.h3 Nxf2 24.Kxf2 Qh4+ 25.Ke2 Qh5+ 26.Kf1 Bxh3 27.Be2 Qh4 28.Bf3 Qg3 29.Re3
Bd7 30.Ne2 Bb5 31.Bxb4 cxb4 32.Ra5 Bxe2+ 33.Kxe2 Bh6 34.Qc6 Qe5 35.Rd3 f5
36.Qc4 Qb2+ 37.Kf1 fxe4 38.Bxe4 Qb1+ 39.Kf2 Qb2+ 40.Kg1 Qb1+ 41.Kh2 Qe1 42.Bf3
Bg7 43.Qg4 h5 44.Qg5 Qf2 45.Rd2 Qe1 46.Raa2 Be5+ 47.g3 Kh7 48.Re2 Qc3 49.Be4
{#r} 1-0

[Event "It (open)"]
[Site "masterchessopen.com - Mislata (Spain)"]
[Date "2006.08.30"]
[Round "9"]
[White "Cruz Filemon (PER)"]
[Black "Torres Sanchez Jose (ESP)"]
[Result "1-0"]
[WhiteElo "2371"]
[BlackElo "2309"]

1.c4 Nf6 2.d4 g6 3.Nc3 Bg7 4.e4 O-O 5.Nf3 d6 6.Be2 c5 7.d5 e6 8.O-O exd5
9.cxd5 Re8 10.Nd2 b6 11.Bb5 Rf8 12.a4 Nfd7 13.a5 a6 14.axb6 Nxb6 15.Be2 f5
16.f4 N8d7 17.exf5 gxf5 18.Nf3 h6 19.Bd3 Kh8 20.h3 Qf6 21.Be3 Qf7 22.Nh4 Nf6
23.Bxf5 Nfxd5 24.Bg6 Qe6 25.Bd2 Ne3 26.Qh5 Nec4 27.f5 Qf6 28.Nd5 Nxd5 29.Bxh6
Kg8 30.Bh7+ Kxh7 31.Bg5+ Kg8 32.Bxf6 Nxf6 33.Qe2 d5 34.Qe7 Re8 35.Qxc5 Bb7
36.Qc7 Rab8 37.Rf3 Rec8 38.Qf4 d4 39.Rg3 Nh5 40.Rxg7+ Nxg7 41.Qg3 Rf8 42.f6
{#r} 1-0

[Event "Ch Bulgaria (team) (juniors) (under 18)"]
[Site "masterchessopen.com - Razgrad (Bulgaria)"]
[Date "2006.11.11"]
[Round "7"]
[White "Kolev Vasil (BUL)"]
[Black "Ivanov Tihomir (BUL)"]
[Result "1-0"]
[WhiteElo "1993"]
[BlackElo "1863"]

1.d4 Nf6 2.c4 c5 3.d5 e6 4.Nc3 exd5 5.cxd5 d6 6.e4 g6 7.Be2 Bg7 8.Nf3 O-O
9.O-O Re8 10.Nd2 Nbd7 11.Re1 a6 12.a4 Qc7 13.Bf1 Rb8 14.Qb3 b6 15.Nc4 Ne5
16.Nxe5 Rxe5 17.Bf4 Re7 18.h3 Nh5 19.Bh2 Bb7 20.Rad1 Rbe8 21.g4 Bxc3 22.Qxc3
Ng7 23.Bg2 Qb8 24.Qf6 Rd7 25.e5 Qd8 26.Qxd8 Rexd8 27.exd6 Ne8 28.Re7 Bc8
29.Rde1 Kf8 30.Bf4 Nxd6 31.Bg5 Bb7 32.Bh6+ Kg8 33.b3 f5 34.Bf4 Ne4 35.Rxd7
Rxd7 36.d6 Bd5 37.Bxe4 Bxe4 38.Re3 Kf7 39.f3 Bd5 40.Kf2 b5 41.axb5 axb5 42.Rc3
c4 43.bxc4 Bxc4 44.Ke3 Be6 45.Kd4 b4 46.Rc6 fxg4 47.hxg4 b3 48.Rb6 Ke8 49.Ke5
Kf7 50.Rb8 Bc4 51.Bh6 g5 52.Rf8+ {#r} 1-0

[Event "It (open)"]
[Site "masterchessopen.com - Belgrade (Yugoslavia)"]
[Date "2006.11.24"]
[Round "3"]
[White "Maksimovic Miroslav (SRB)"]
[Black "Zlatanovic Miroslav (SRB)"]
[Result "1-0"]
[WhiteElo "2203"]
[BlackElo "2070"]

1.d4 Nf6 2.c4 g6 3.Nc3 Bg7 4.e4 d6 5.Nf3 O-O 6.Be2 c5 7.d5 e6 8.O-O exd5
9.cxd5 Re8 10.Nd2 a6 11.a4 Qc7 12.f3 b6 13.Nc4 Nbd7 14.Bf4 Ne5 15.Nxe5 dxe5
16.Bg5 h6 17.Be3 Bb7 18.Qd2 Kh7 19.Bc4 Qd6 20.Rae1 Nh5 21.Bd3 Nf4 22.Bc2 Bc8
23.Kh1 Bd7 24.Ne2 Nxe2 25.Rxe2 f6 26.f4 b5 27.fxe5 fxe5 28.Rf7 Rf8 29.Ref2
Rxf7 30.Rxf7 Kg8 31.Qf2 Rc8 32.h3 Be8 33.Rf3 c4 34.axb5 axb5 35.Qd2 Kh7 36.Qa5
b4 37.Bb6 b3 38.Bd1 g5 39.Rc3 Bg6 40.Bg4 Rf8 41.Rxc4 Qf6 42.Be2 Qf4 43.Qc3 Ra8
44.Qe1 Ra2 45.Bf3 Rxb2 46.Be3 Qf7 47.Qc1 Ra2 48.Rb4 Rc2 49.Qb1 Rc3 50.Rxb3 Rc7
51.Qd3 Bf6 52.Rc3 Rd7 53.Bg4 Rb7 54.Bc8 Rc7 55.Rxc7 Qxc7 56.Be6 Be7 57.Bd2 Bd6
58.Bg4 Qc5 59.Bf3 Kg7 60.Qe2 Qd4 61.Qe3 Qa1+ 62.Kh2 Qa6 63.Bc3 Qb7 64.h4 Qe7
65.Bd2 Bc5 66.Qe1 gxh4 67.Qc1 Bd6 68.Bxh6+ Kh7 69.Qg5 Qxg5 70.Bxg5 Kg7 71.Bxh4
Bh7 72.Kg1 Bc5+ 73.Kf1 Kf7 74.Ke2 Kg6 75.Kd3 {#r} 1-0

[Event "Memorial J.Capablanca (open)"]
[Site "masterchessopen.com - Habana (Cuba)"]
[Date "2006.11.25"]
[Round "5"]
[White "Hernandez Holden (CUB)"]
[Black "Lawson Eric (CAN)"]
[Result "0-1"]
[WhiteElo "2524"]
[BlackElo "2393"]

1.d4 Nf6 2.c4 e6 3.Nc3 c5 4.d5 exd5 5.cxd5 d6 6.Nf3 g6 7.Nd2 Bg7 8.e4 O-O
9.Be2 Re8 10.O-O Nbd7 11.a4 g5 12.Nc4 Nxe4 13.Nxe4 Rxe4 14.Nxd6 Rd4 15.Qb3 Qe7
16.Nxc8 Qxe2 17.Bxg5 Rxc8 18.Qxb7 Qe8 19.Rae1 Ne5 20.f4 Qd7 21.Qb3 Nd3 22.Re7
Qxd5 23.Qb5 h6 {#R} 0-1

[Event "Czech League 2006/07 (2nd) (a)"]
[Site "masterchessopen.com - Czech Republic"]
[Date "2007.01.14"]
[Round "6"]
[White "Meszaros Ludek (CZE)"]
[Black "Kopta Pavel (CZE)"]
[Result "0-1"]
[WhiteElo "2208"]
[BlackElo "2276"]

1.d4 Nf6 2.c4 e6 3.Nf3 c5 4.d5 exd5 5.cxd5 d6 6.Nc3 g6 7.e4 Bg7 8.Be2 O-O
9.O-O Re8 10.Nd2 b6 11.a4 a6 12.f4 Nbd7 13.Bf3 Rb8 14.Nc4 Qc7 15.Qb3 Bf8
16.Be3 b5 17.axb5 axb5 18.Nd2 b4 19.Ne2 Nb6 20.Rfc1 Qe7 21.Bf2 Bg4 22.Bxg4
Nxg4 23.Bg3 Bg7 24.Re1 c4 25.Qf3 Nf6 26.Bh4 Qd7 27.h3 Qc7 28.Bf2 Rec8 29.Rac1
Ra8 30.Bd4 Ra2 31.f5 c3 32.Nxc3 bxc3 33.Rxc3 Qb7 34.fxg6 Rxc3 35.Bxc3 Qe7
36.gxf7+ Qxf7 37.Rf1 Nbd7 38.Nc4 Qe7 39.Re1 Ne8 40.Qg3 Kh8 41.Nxd6 Nxd6
42.Bxg7+ Qxg7 43.Qxd6 Rxb2 44.Qh2 Ne5 45.Kh1 h5 46.Qg1 Nd3 47.Rf1 Qg3 48.Qh2
Nf2+ 49.Rxf2 Qxh2+ {#R} 0-1

[Event "Tournament"]
[Site "masterchessopen.com - Quebec (Canada)"]
[Date "2007.02.25"]
[Round "4"]
[White "Caire Francois"]
[Black "Hua Lefong (CAN)"]
[Result "0-1"]
[WhiteElo "2225"]
[BlackElo "2283"]

1.d4 Nf6 2.c4 c5 3.d5 e6 4.Nc3 exd5 5.cxd5 d6 6.e4 g6 7.Nf3 Bg7 8.Be2 O-O
9.O-O Re8 10.Nd2 Nbd7 11.a4 Ne5 12.Qc2 g5 13.Re1 g4 14.Nf1 Nh5 15.Ng3 Nxg3
16.hxg3 h5 17.Bb5 Bd7 18.Bf4 Ng6 19.Bd2 Be5 20.Bxd7 Qxd7 21.Nd1 h4 22.gxh4
Nxh4 23.Bg5 Nf3+ {#R} 0-1